| 000 | 00654nam a22001817a 4500 | ||
|---|---|---|---|
| 999 |
_c14937 _d14937 |
||
| 003 | OSt | ||
| 082 | _2631.3 DAS/CO | ||
| 088 | _aP 91 | ||
| 100 |
_aGAWAS NARAYAN DASHRATH _aMAYARANI N _aVIJAYA GANDHEEVAN V _94005 |
||
| 245 | _aComputer aided design of a stand alone aero generator | ||
| 260 |
_aTavanur 1999 _bDepartment of Farm Power Machinery and Energy |
||
| 300 | _a85 | ||
| 500 | _aComputer aided design of a stand alone aero generator | ||
| 520 | _aComputer aided design of a stand alone aero generator | ||
| 700 |
_aSathyajith Mathew (Guide) _94006 |
||
| 856 | _uhttps://drive.google.com/open?id=1tWFm103ghE__EtNIlXJOZCwXd9MV8B-_ | ||
| 942 | _cPR | ||